Catálogo

Vista normal Vista MARC

Entrada Personal Name

Número de registros utilizados en: 1

001 - CONTROL NUMBER

  • control field: 13421

003 - CONTROL NUMBER IDENTIFIER

  • control field: DLC

005 - DATE AND TIME OF LATEST TRANSACTION

  • control field: 20221017122227.0

008 - FIXED-LENGTH DATA ELEMENTS

  • fixed length control field: 861009n| azannaabn |a aaa

010 ## - LIBRARY OF CONGRESS CONTROL NUMBER

  • LC control number: n 86857568

035 ## - SYSTEM CONTROL NUMBER

  • System control number: (OCoLC)oca01688694

040 ## - CATALOGING SOURCE

  • Original cataloging agency: DLC
  • Language of cataloging: spa
  • Description conventions: rda
  • Transcribing agency: Mx-PuUPA
  • Modifying agency: NcD
  • Modifying agency: NNC
  • Modifying agency: OCoLC
  • Modifying agency: UPB
  • Modifying agency: Mx-PuUPA

046 ## - SPECIAL CODED DATES

  • Birth date: 1945
  • Source of date scheme: edtf

053 #0 - LC CLASSIFICATION NUMBER

  • Classification number element--single number or beginning number of span: PQ6656.R23

100 1# - HEADING--PERSONAL NAME

  • Personal name: Frabetti, Carlo,
  • Dates associated with a name: 1945-

370 ## - ASSOCIATED PLACE

  • Place of birth: Bologna (Italia)
  • Source of term: naf

374 ## - OCCUPATION

  • Occupation: Autor
  • Occupation: Matemático
  • Occupation: Traductor
  • Source of term: lcsh

375 ## - GENDER

  • Gender: hombre

377 ## - ASSOCIATED LANGUAGE

  • Language code: spa

400 1# - SEE FROM TRACING--PERSONAL NAME

  • Personal name: Frabetti, Carlos,
  • Dates associated with a name: 1945-

670 ## - SOURCE DATA FOUND

  • Source citation: Jardines cifrados, 1998:
  • Information found: (t.p.: Carlo Frabetti) bk flap (b. 1945 in Bolonia)

670 ## - SOURCE DATA FOUND

  • Source citation: nuc86-50006: El Mundo magico de los niños, c1982
  • Information found: (hdg. on AzU rept.: Frabetti, Carlo; usage: Carlo Frabetti)

670 ## - SOURCE DATA FOUND

  • Source citation: LC data base, 10-9-86
  • Information found: (hdg.: Frabetti, Carlo)

670 ## - SOURCE DATA FOUND

  • Source citation: El libro infierno, c2002:
  • Information found: t.p. (Carlo Frabetti) flap (b. 1945 in Bolonia; is Italian, but lives in Spain and writes in Spanish; writes fiction for children and adults)

670 ## - SOURCE DATA FOUND

  • Source citation: Lo mejor de la ciencia ficcion francesa, 1977:
  • Information found: title page (compiled by Daniel Phi) title page verso (translated by Beatriz Podestá and Carlo Frabetti)

670 ## - SOURCE DATA FOUND

  • Source citation: Wikipedia, 13 December 2016
  • Information found: (Carlo Frabetti; Carlo Frabetti (Bologna, Italy, 1945 -) is a mathematician, writer, television writer and critic of comic; Italian, but has lived in Spain since he was eight years old; he usually writes in Castilian)

670 ## - SOURCE DATA FOUND

  • Source citation: BNE, 13 December 2016
  • Information found: (Frabetti, Carlo‏ ‎(1945-); born 1945 in Bologna; writer and Italian mathematician, usually writes in Spanish; translates from Italian, French, English, Catalan and Spanish into Catalan and Spanish; alternate name: Frabetti, Carlos (1945-‏))